Al-Kitaab with DVDs (Record no. 46765)
[ view plain ]
| 000 -LEADER | |
|---|---|
| fixed length control field | 00259nam a22001097a 4500 |
| 008 - FIXED-LENGTH DATA ELEMENTS--GENERAL INFORMATION | |
| fixed length control field | 180803b xxu||||| |||| 00| 0 eng d |
| 082 ## - DEWEY DECIMAL CLASSIFICATION NUMBER | |
| Classification number | 813.52 |
| 245 ## - TITLE STATEMENT | |
| Title | Al-Kitaab with DVDs |
| Statement of responsibility, etc | KRISTEN BRSATAD |
| 300 ## - PHYSICAL DESCRIPTION | |
| Extent | 1 |
| Type of unit | DVD |
| 440 ## - SERIES STATEMENT/ADDED ENTRY--TITLE | |
| International Standard Serial Number | 158901104 X |
| 942 ## - ADDED ENTRY ELEMENTS (KOHA) | |
| Source of classification or shelving scheme | |
| Item type | Mixed Materials |
| Withdrawn status | Lost status | Source of classification or shelving scheme | Damaged status | Not for loan | Permanent location | Current location | Shelving location | Date acquired | Total Checkouts | Full call number | Barcode | Date last seen | Price effective from | Koha item type |
|---|---|---|---|---|---|---|---|---|---|---|---|---|---|---|
| UBT - Lipjan | UBT - Lipjan | Koleksioni i përgjithshem | 08/03/2018 | 813.52 BRU | 002-3009807 | 08/03/2018 | 08/03/2018 | Mixed Materials |